| 000 | 00867na a2200289 4500 | ||
|---|---|---|---|
| 001 | 13969 | ||
| 003 | MIRAKIL | ||
| 005 | 20181213155202.0 | ||
| 008 | 161022b tu 000 0 | ||
| 020 | _a9754944520 | ||
| 035 | _a13969 | ||
| 040 |
_aMilas _btur _cTR-AnCHP |
||
| 041 | _atur | ||
| 082 |
_a923.2 Çiller,T. _bE63t 1994 |
||
| 090 | _a923.2 Çiller,T. E63t 1994 | ||
| 100 | _aErel, Nursun | ||
| 245 |
_aTansu Çiller'in siyaset romanı _cNursun Erel, Ali Bilge |
||
| 250 | _a2. bs. | ||
| 260 |
_aAnkara _bBilgi Yayınevi _c1994 |
||
| 300 |
_a273 s. _c19 sm. |
||
| 490 |
_aBilgi yayınları/ Bilgi dizisi _v96 |
||
| 600 |
_aÇiller, Tansu _d1946 - _xSiyasal ve sosyal görüşler |
||
| 650 |
_aKadın başbakanlar _xSiyaset ve yönetim _zTürkiye |
||
| 651 |
_aTürkiye _xSiyaset ve yönetim _y1980-1990 |
||
| 700 | _aBilge, Ali | ||
| 942 |
_2dcc _cBKS |
||
| 999 |
_c8175 _d8175 |
||